000 01070nas a2200325 4500
001 BR2016000573
003 BR-BrBNA
005 20231205130102.0
007 ta
008 230509b bl.|||p| |||| 00| 00por d
040 _aBR-BrBNA
_bpor
_cBiblioteca Nacional de Agricultura
041 _a(En)
072 _aL20; N10
100 1 _aSouza, M. de F.P.
100 1 _aTurco, S.H.N.
100 1 _aSilva, E.M.S.
100 1 _aCosta, D. dos S.
100 1 _aFreire, M.S.
245 1 _aInternal ambience of beehives Apis mellifera with different colors and roofing materials in the sub middle of the São Francisco Valley
650 _aABELHA
650 _aAPICULTURA
650 _aINSTALACAO PARA ANIMAL
650 _aCONTROLE TERMICO
650 _aINSETO
650 _aANALISE COMPARATIVA
773 0 _tEngenharia Agrícola (Brazil)
_xISSN 1809-4430
_g(Jul-Aug 2015), v. 35(4) p. 625-634
_wBR2016000573
856 4 0 _uhttp://www.scielo.br/pdf/eagri/v35n4/1809-4430-eagri-35-4-0625.pdf
909 _a202311
_bLúcia
_c55
_dLúcia Elande
942 _2AGRIS
_n0
_cANA
999 _c247820
_d247820